000 00305nam a22001337a 4500
003 SGT
020 _a9780367778743
082 _a363.25
_bDAL
100 _aDALZ HILLARY MOSES
245 _aFUNDAMENTALS OF FINGERPRINT ANALYSIS
260 _aLONDON
_bCRC PRESS
_c2020
300 _a353
942 _2ddc
_cBK
999 _c34722
_d34722